Epcot Forever- Every Epcot Ride ever - Statistics

General Stats
  • This quiz has been taken 41 times
  • The average score is 27 of 39
Answer Stats
Open-Close/ Country Ride/ pavilion/ Show/ Building Answer % Correct
1999-Now Ride Test Track
97%
1982-Now Ride Space Ship Earth
93%
2016-Now Ride Frozen Ever After
90%
2003- Now Ride Mission Space
90%
2005-Now Ride Soarin
90%
2007-Now Ride The Seas with Nemo and Friends
90%
1982-Now Pavilion China
87%
1984-Now Pavilion Morocco
87%
1982-Now Pavilion Canada
83%
1982-Now Pavilion Japan
83%
1982-Now Ride Listen to the Land/ Living with the Land
83%
1982-now Pavilion France
80%
1982-Now Pavilion Germany
80%
1982-Now Pavilion Mexico
80%
1982-Now Pavilion Norway
80%
2021-Now Ride Remy's Ratatouille Adventures
80%
1982-Now Pavilion United Kingdom
80%
1982-Now Pavilion Italy
77%
1982-now Pavilion America Pavilion
73%
2022-Now Ride Guardians of the Galaxy Cosmic Rewind
73%
2002-Now Ride Journey into Imagination with Figment
73%
1983-1999 Ride/Pavilion Horizons
70%
1982-2007 Ride El Rio Del Tiempo
67%
1994-Now Pavilion/ Building Innoventions/Communicore
63%
1982-Now Pavilion The Imagination Pavilion
63%
1982-Now Pavilion The Land
63%
1982-1996 Ride/Pavilion Universe of Energy/ Ellen's Energy Adventure
63%
1986-2005 Ride/Pavilion The Living Seas
60%
1989-2007 Ride Body Wars
57%
1983-1998 Ride Journey into Imagination
57%
1982-1996 Ride/Pavilion World of Motion
57%
1982-Now Show The American Adventure
53%
1999-2001 Ride Journey into YOUR Imagination
50%
1982-2004 Show Kitchen kabaret/ Food Rocks
47%
2004-Now Show Turtle Talk with Crush
47%
1982-Now (seasonal) Pavilion Wonders of Life
43%
1989-2007 Show Cranium Command
40%
2007-Now Ride Gran Fiesta Tour Starring The Three Caballeros
27%
1988-2014 Ride Mailstrom
3%
No matching quizzes found
Score Distribution
Percent of People with Each Score
Percentile by Number Answered
Your Score History
You have not taken this quiz